Statistics for Twenty One Pilots Guns For Hands Lyrics

Click here to take the quiz!

General Stats

  • This quiz has been taken 576 times
  • The average score is 303 of 373

Answer Stats

Answer% Correct
I
99%
a
98%
guns
97%
the
97%
have
96%
you
96%
hands
95%
and
94%
it
94%
on
94%
to
94%
when
94%
in
93%
for
92%
know
92%
what
92%
all
91%
your
91%
go
90%
morning
90%
never
90%
that
90%
ground
89%
sun
89%
take
89%
done
88%
safety
88%
think
88%
where
88%
but
87%
put
87%
shines
87%
can't
86%
safety
86%
parents
85%
shows
85%
trying
85%
will
85%
again
84%
gone
84%
happen
84%
I'm
84%
sleep
84%
yeah
84%
means
83%
has
82%
swear
82%
so
80%
don't
78%
plans
77%
yeah
76%
this
72%
out
71%
let's
70%
time
69%
at
68%
one
67%
second
66%
together
66%
understand
66%
breathe
65%
window
65%
beat
64%
outside
64%
hope
62%
join
62%
my
62%
of
62%
rhyme
62%
turn
62%
we'll
62%
song
61%
that's
61%
there's
61%
you'll
59%
fist
57%
head
56%
is
55%
then
55%
plans
54%
they
54%
disorder
52%
kids
52%
sets
52%
until
52%
cause
51%
see
51%
them
51%
forewarn
50%
our
50%
must
49%
mutant
49%
fingers
48%
these
48%
upsets
47%
room
46%
interest
45%
tell
45%
their
45%
whole
45%
it's
44%
putting
44%
shoot
44%
solution
44%
should
43%
simply
43%
ammunition
42%
fused
40%
best
39%
condition
39%
wrist
39%
thumbs
38%
what's
38%
chest
37%
left
37%
or
37%
trade
37%
obviously
36%
interested
35%
music
35%
suggest
35%
turned
33%
confused
32%
invested
32%
we've
29%
life
17%

Score Distribution

Percentile by Number Answered

Percent of People with Each Score

Your Score History

You have not taken this quiz